| 000 | 00748nam a22002057a 4500 | ||
|---|---|---|---|
| 003 | OSt | ||
| 005 | 20220929170222.0 | ||
| 008 | 220929b |||||||| |||| 00| 0 eng d | ||
| 040 | _cBiblioteca Lado V | ||
| 082 |
_a779 _bP419c |
||
| 100 |
_922 _aPenteado, Andre |
||
| 245 | _aCabanagem/ | ||
| 260 |
_aBrasil _bEditora Madalena |
||
| 300 |
_a- _bEs un sobre con 2 libros de fotografías del Caribe Brasileño _c24x35cm |
||
| 650 |
_2Tesauro de Arte & Arquitectura _aARTE CONTEMPORANEO |
||
| 650 |
_2Tesauro de Arte & Arquitectura _aFOTOGRAFIA-BRASIL |
||
| 650 |
_2Tesauro de Arte & Arquitectura _aCONFLICTO SOCIAL |
||
| 650 |
_2Tesauro de Arte & Arquitectura _aCONFLICTO SOCIAL EN EL ARTE |
||
| 942 |
_2ddc _c1 _h779 _iP419c _n0 |
||
| 999 |
_c2132 _d2132 |
||